书目信息 |
| 题名: |
韩国城市环境景观
|
|
| 作者: | ;曾琳 译 ;韩国建筑世界有限公司 编 | |
| 分册: | 4 展览设施·教育设施·政府大楼 | |
| 出版信息: | 沈阳 辽宁科学技术出版社 2004 |
|
| 页数: | 255页 | |
| 开本: | 26cm | |
| 丛书名: | ||
| 单 册: | ||
| 中图分类: | TU-856 | |
| 科图分类: | ||
| 主题词: | 城市--景观--环境设计--韩国 , 展览馆--建筑设计--韩国 , 教育建筑--建筑设计--韩国 , 国家行政机关--建筑设计--韩国 | |
| 电子资源: | ||
| ISBN: | 7-5381-4067-0 | |
| 000 | 01102nam0 2200277 45 | |
| 001 | 012004000000 | |
| 005 | 20041020085609.80 | |
| 010 | @a7-5381-4067-0@dCNY 198.00 | |
| 100 | @a20040910d2004 em y0chiy0121 ea | |
| 101 | 1 | @achi@ckor@aeng |
| 102 | @aCN@b210000 | |
| 105 | @aaf z 000yy | |
| 200 | 1 | @a韩国城市环境景观@Ahan guo cheng shi huan jing jing guan@dUrban ecvironment landscape in Korea@h4@i展览设施·教育设施·政府大楼@iExhitition education government facilities@f韩国建筑世界有限公司编@g曾琳译@zeng |
| 210 | @a沈阳@c辽宁科学技术出版社@d2004 | |
| 215 | @a255页@c图@d26cm | |
| 510 | 1 | @aUrban ecvironment landscape in Korea@h4@iExhitition education government facilities@zeng |
| 517 | 1 | @a展览设施·教育设施·政府大楼 |
| 606 | 0 | @a城市@x景观@x环境设计@y韩国 |
| 606 | 0 | @a展览馆@x建筑设计@y韩国 |
| 606 | 0 | @a教育建筑@x建筑设计@y韩国 |
| 606 | 0 | @a国家行政机关@x建筑设计@y韩国 |
| 690 | @aTU-856@v4 | |
| 702 | 0 | @a曾琳@Azeng lin@4译 |
| 711 | 02 | @a韩国建筑世界有限公司@Ahan guo jian zhu shi jie you xian gong si@4编 |
| 801 | 0 | @aCN@bQSSKt@c20041020 |
| 905 | @a10447@dTU-856@eH070 | |
| 韩国城市环境景观=Urban ecvironment landscape in Korea.4.展览设施·教育设施·政府大楼.Exhitition education government facilities/韩国建筑世界有限公司编/曾琳译.-沈阳:辽宁科学技术出版社,2004 |
| 255页:图;26cm |
| ISBN 7-5381-4067-0:CNY 198.00 |
| ● |
| 相关链接 |
|
|
|
正题名:韩国城市环境景观
索取号:TU-856/H070
 
预约/预借
| 序号 | 登录号 | 条形码 | 馆藏地/架位号 | 状态 | 备注 |
| 1 | 421191 | 204211913 | 建筑库101/101建筑库 17排2列5层/ [索取号:TU-856/H070] | 在馆 |